Educación Física en la primera etapa de E.G.B
Tallennettuna:
| Päätekijä: | |
|---|---|
| Aineistotyyppi: | Kirja |
| Kieli: | espanja |
| Julkaistu: |
Madrid
Alhambra
1987
|
| Sarja: | Deporte y Sociedad, 10
|
| Aiheet: | |
| Tagit: |
Lisää tagi
Ei tageja, Lisää ensimmäinen tagi!
|
MARC
| LEADER | 00000nam a2200000 a 4500 | ||
|---|---|---|---|
| 001 | UCW4823 | ||
| 003 | CL-VaPUC | ||
| 008 | 900822e19870000SP |||||||||||||||||spa|d | ||
| 082 | 0 | 4 | |a 372.86 |b ABO |2 21 |
| 100 | 0 | |a Aboy La Fuente, Adoración |e author |9 309642 | |
| 245 | 1 | 0 | |a Educación Física en la primera etapa de E.G.B |
| 300 | |a 97 p | ||
| 942 | |c BK | ||
| 945 | |d 19900822 00:00:00 | ||
| 260 | |a Madrid |b Alhambra |c 1987 | ||
| 650 | 0 | |a Educación física |9 240893 | |
| 650 | 0 | |a Educación básica |9 224933 | |
| 583 | |a last modification |c 20170913 12:45:48 |k Rodrigo Vera | ||
| 490 | 0 | |a Deporte y Sociedad, 10 | |
| 999 | |c 218435 |d 218433 | ||
| 952 | |0 0 |1 0 |4 0 |6 372_860000000000000_ABO_1987 |7 0 |8 A |9 207992 |a BIBEDU |b BIBEDU |d 2019-11-15 |i 2758423 |o 372.86 ABO 1987 |p 2758423 |r 2019-11-15 |w 2019-11-15 |y BK |k EDU | ||